00502nam a2200181 a 4500008004100000020001500041050001600056100002200072245002700094246003400121260003500155300002200190350000900212500001800221650001300239650004500252700002300297120416s1983 ||||||||||||||||| || u a0070715696 aHD 4138 Mon aMonsen, R. Joseph10aNationalized companies aa threat to American business aNew York :bMcGraw-Hillc1983. axiii, 178p. : ill a0.00 aBibliography. 0aBUSINESS aGovernment business enterprises-- Europe aWalters, Kenneth D